Polscy piłkarze w top 5 lig 25/26 - Statystyki

Ogólne statystyki
  • Ten quiz został rozwiązany 154 razy
  • Średni wynik to 16 z 24
Statystyki odpowiedzi
Klub Odpowiedź % Poprawnych
FC Barcelona Robert Lewandowski
100%
FC Barceloina Wojciech Szczęsny
100%
Inter Mediolan Piotr Zieliński
99%
Wolfsburg Jakub Zieliński
98%
Aston Villa Matty Cash
98%
Atalanta Nicola Zalewski
98%
West Ham United Łukasz Fabiański
92%
Juventus Arkadiusz Milik
87%
1.FC Koln Jakub Kamiński
86%
FC Bologna Łukasz Skorupski
86%
AS Roma Jan Ziółkowski
84%
Wolfsburg Kamil Grabara
74%
Udinese Calcio Jakub Piotrowski
66%
Udinese Calcio Adam Buksa
63%
Stade Rennais FC Przemysław Frankowski
62%
RC Strasbourg Alsace Maxi Oyedele
58%
US Sassuolo Sebastian Walukiewicz
50%
FC St. Pauli Arkadiusz Pyrka
48%
Parma Calcio 1913 Adrian Benedyczak
44%
Stade Brestois 29 Radosław Majecki
42%
US Lecce Filip Marchwiński
39%
FC St. Pauli Adam Dźwigała
36%
AS Roma Radosław Żelazny
21%
OGC NIce Bartosz Żelazowski
10%
Nie znaleziono quizów pasujących do podanych kryteriów
Rozkład punktacji
Procent ludzi z każdym wynikiem
Percentyl według liczby udzielonych odpowiedzi
Twoja historia wyników
Nie rozwiązałeś tego quizu